[Event "Remote-ch Class2 Gr.A email"]
[Site "Remote email"]
[Date "2014.04.20"]
[Round "?"]
[White "Denzin, Michael"]
[Black "Warzecha, Helmut"]
[Result "0-1"]
[WhiteElo "2273"]
[BlackElo "2439"]
[PlyCount "46"]
[EventDate "2014.??.??"]
[EventType "tourn (corr)"]
[EventRounds "10"]
[EventCountry "GER"]
[SourceTitle "Corr 2015"]
[Source "ChessBase"]
[SourceDate "2015.07.17"]
[SourceVersion "1"]
[SourceVersionDate "2015.07.17"]
[SourceQuality "1"]

1. d4 Nf6 2. c4 e6 3. Nc3 Bb4 4. Nf3 0-0 5. e3 c5 6. Bd3 d5 7. 0-0 Nc6 8. a3 Bxc3 9. bxc3 b6 10. Bb2 Ba6 11. cxd5 Bxd3 12. dxc6 Bxf1 13. Kxf1 Rc8 14. Ne5 Ne4 15. f3 Nd6 16. dxc5 bxc5 17. Nd7 Nf5 18. Qe2 Re8 19. e4 Ne7 20. g3 Nxc6 21. Nxc5 Qb6 22. Nd7 Qc7 23. Nc5 Red8 0-1

[Event "Remote-ch Class2 Gr.A email"]
[Site "Remote email"]
[Date "2014.04.20"]
[Round "?"]
[White "Traut, Gerhard"]
[Black "Denzin, Michael"]
[Result "1/2-1/2"]
[WhiteElo "2351"]
[BlackElo "2262"]
[PlyCount "30"]
[EventDate "2014.??.??"]
[EventType "tourn (corr)"]
[EventRounds "10"]
[EventCountry "GER"]
[SourceTitle "Corr 2015"]
[Source "ChessBase"]
[SourceDate "2015.07.17"]
[SourceVersion "1"]
[SourceVersionDate "2015.07.17"]
[SourceQuality "1"]

1. e4 e6 2. d4 d5 3. Nc3 Nf6 4. Bg5 Be7 5. e5 Nfd7 6. Bxe7 Qxe7 7. f4 0-0 8. Nf3 c5 9. Qd2 Nc6 10. dxc5 Rd8 11. Be2 Nxc5 12. 0-0 a6 13. Nd4 Bd7 14. Rad1 Ne4 15. Qe3 Nxc3 1/2-1/2

[Event "Remote-ch 2012 email"]
[Site "Remote email"]
[Date "2013.12.07"]
[Round "2"]
[White "Denzin, Michael"]
[Black "Langschmidt, Dirk"]
[Result "1-0"]
[WhiteElo "2252"]
[BlackElo "1980"]
[PlyCount "41"]
[EventDate "2013.??.??"]
[EventType "tourn (corr)"]
[EventRounds "6"]
[EventCountry "GER"]
[SourceTitle "Corr 2015"]
[Source "ChessBase"]
[SourceDate "2015.07.17"]
[SourceVersion "1"]
[SourceVersionDate "2015.07.17"]
[SourceQuality "1"]

1. e4 c5 2. Nf3 d6 3. d4 cxd4 4. Nxd4 Nf6 5. Nc3 a6 6. Be3 e6 7. f4 Nc6 8. Qf3 Qc7 9. 0-0-0 Be7 10. Be2 Rb8 11. Qg3 0-0 12. e5 dxe5 13. fxe5 Nxe5 14. Nf3 Nfd7 15. Rxd7 Bxd7 16. Qxe5 Bd6 17. Qd4 Bc6 18. Qh4 f6 19. Bc4 Rfe8 20. Ne4 Bf8 21. Bf4 1-0

[Event "Remote Random-170 email"]
[Site "Remote email"]
[Date "2013.11.28"]
[Round "?"]
[White "Denzin, Michael"]
[Black "Gottwald, Bernhard"]
[Result "1-0"]
[WhiteElo "2250"]
[BlackElo "1870"]
[PlyCount "49"]
[EventDate "2013.??.??"]
[EventType "tourn (corr)"]
[EventRounds "6"]
[EventCountry "GER"]
[SourceTitle "Corr 2015"]
[Source "ChessBase"]
[SourceDate "2015.07.17"]
[SourceVersion "1"]
[SourceVersionDate "2015.07.17"]
[SourceQuality "1"]

1. e4 e5 2. Nf3 Nc6 3. Bb5 a6 4. Ba4 Nf6 5. 0-0 b5 6. Bb3 d6 7. Ng5 d5 8. exd5 Nd4 9. Re1 Bc5 10. Rxe5+ Kf8 11. c3 Nxb3 12. Qxb3 h6 13. Nf3 Bxf2+ 14. Kf1 Ng4 15. Re2 Bc5 16. d4 Bd6 17. Kg1 Bf5 18. c4 bxc4 19. Qxc4 Qf6 20. Nc3 Qg6 21. h3 Nf6 22. Ne5 Bxe5 23. dxe5 Nd7 24. e6 Nb6 25. Qxc7 1-0

[Event "Remote Random-170 email"]
[Site "Remote email"]
[Date "2013.11.28"]
[Round "?"]
[White "Denzin, Michael"]
[Black "Klebe, Dieter"]
[Result "1-0"]
[WhiteElo "2250"]
[BlackElo "1608"]
[PlyCount "49"]
[EventDate "2013.??.??"]
[EventType "tourn (corr)"]
[EventRounds "6"]
[EventCountry "GER"]
[SourceTitle "Corr 2015"]
[Source "ChessBase"]
[SourceDate "2015.07.17"]
[SourceVersion "1"]
[SourceVersionDate "2015.07.17"]
[SourceQuality "1"]

1. e4 e5 2. Nf3 Nc6 3. Bb5 a6 4. Ba4 Nf6 5. 0-0 b5 6. Bb3 d6 7. Ng5 d5 8. exd5 Nd4 9. Re1 Bc5 10. Rxe5+ Kf8 11. c3 Nf5 12. d6 cxd6 13. Nxf7 Qc7 14. Re1 Bxf2+ 15. Kxf2 Qb6+ 16. d4 Bb7 17. Nxh8 Nh4 18. Nf7 Bxg2 19. Bg5 Bf3 20. Qd2 Ng4+ 21. Kg1 Ng6 22. Qd3 N6e5 23. Nxe5 Nxe5 24. Qf5+ Ke8 25. Qf7# 1-0

[Event "Remote Random-170 email"]
[Site "Remote email"]
[Date "2013.11.28"]
[Round "?"]
[White "Denzin, Michael"]
[Black "Pieleck, Rudolf"]
[Result "1-0"]
[WhiteElo "2250"]
[BlackElo "1662"]
[PlyCount "51"]
[EventDate "2013.??.??"]
[EventType "tourn (corr)"]
[EventRounds "6"]
[EventCountry "GER"]
[SourceTitle "Corr 2015"]
[Source "ChessBase"]
[SourceDate "2015.07.17"]
[SourceVersion "1"]
[SourceVersionDate "2015.07.17"]
[SourceQuality "1"]

1. e4 e5 2. Nf3 Nc6 3. Bb5 a6 4. Ba4 Nf6 5. 0-0 b5 6. Bb3 d6 7. Ng5 d5 8. exd5 Nd4 9. Re1 Bc5 10. Rxe5+ Kf8 11. c3 Nxb3 12. Qxb3 Ng4 13. d4 Bd6 14. Nf3 Nxe5 15. dxe5 Bc5 16. c4 Rb8 17. Nc3 b4 18. Ne4 Be7 19. Nd4 a5 20. Nc6 Qd7 21. Nxb8 Bb7 22. Nxd7+ Kg8 23. Bh6 Bc8 24. Qg3 g6 25. Nef6+ Bxf6 26. Nxf6# 1-0

[Event "Remote Random-170 email"]
[Site "Remote email"]
[Date "2013.11.28"]
[Round "?"]
[White "Klebe, Dieter"]
[Black "Denzin, Michael"]
[Result "0-1"]
[WhiteElo "1595"]
[BlackElo "2252"]
[PlyCount "60"]
[EventDate "2013.??.??"]
[EventType "tourn (corr)"]
[EventRounds "6"]
[EventCountry "GER"]
[SourceTitle "Corr 2015"]
[Source "ChessBase"]
[SourceDate "2015.07.17"]
[SourceVersion "1"]
[SourceVersionDate "2015.07.17"]
[SourceQuality "1"]

1. e4 e5 2. Nf3 Nc6 3. Bb5 a6 4. Ba4 Nf6 5. 0-0 b5 6. Bb3 d6 7. Ng5 d5 8. exd5 Nd4 9. Re1 Bc5 10. Rxe5+ Kf8 11. d6 Nxb3 12. Rxc5 Nxc5 13. d4 Qxd6 14. Nc3 Ne6 15. Nxe6+ Bxe6 16. Be3 h5 17. Qf3 Re8 18. Qf4 Qb4 19. Rb1 Qc4 20. Rc1 b4 21. Na4 Nd5 22. Qe5 Bd7 23. Qg3 Bxa4 24. b3 Qc3 25. bxa4 Nxe3 26. fxe3 Rxe3 27. Qg5 Qxd4 28. Kh1 Rh6 29. Rf1 Rf6 30. Rxf6 Qd1+ 0-1

[Event "Remote-ch 2013 email"]
[Site "Remote email"]
[Date "2013.10.01"]
[Round "1"]
[White "Denzin, Michael"]
[Black "Jarecki, Marian"]
[Result "1/2-1/2"]
[WhiteElo "2252"]
[BlackElo "2265"]
[PlyCount "57"]
[EventDate "2013.??.??"]
[EventType "tourn (corr)"]
[EventRounds "6"]
[EventCountry "GER"]
[SourceTitle "Corr 2015"]
[Source "ChessBase"]
[SourceDate "2015.07.17"]
[SourceVersion "1"]
[SourceVersionDate "2015.07.17"]
[SourceQuality "1"]

1. d4 Nf6 2. c4 e6 3. Nc3 Bb4 4. Nf3 b6 5. e3 Bb7 6. Bd3 Ne4 7. Qb3 Qe7 8. 0-0 Nxc3 9. bxc3 Bxf3 10. gxf3 Qg5+ 11. Kh1 Qh5 12. Be4 d5 13. cxd5 f5 14. cxb4 fxe4 15. Rg1 Qxf3+ 16. Rg2 exd5 17. Ba3 Qf7 18. b5 a6 19. Rc1 axb5 20. Bd6 c6 21. a4 Qe6 22. Bxb8 Rxb8 23. axb5 0-0 24. Rxc6 Qf5 25. Rd6 Rfd8 26. Rc6 Rdc8 27. Qb1 Rxc6 28. bxc6 Qf7 29. Qa2 1/2-1/2

[Event "Remote Federal-ch email"]
[Site "Remote email"]
[Date "2013.09.11"]
[Round "?"]
[White "Denzin, Michael"]
[Black "Guenschmann, Martin"]
[Result "1-0"]
[WhiteElo "2252"]
[BlackElo "1961"]
[PlyCount "61"]
[EventDate "2013.??.??"]
[EventType "swiss (corr)"]
[EventRounds "12"]
[EventCountry "GER"]
[SourceTitle "Corr 2015"]
[Source "ChessBase"]
[SourceDate "2015.07.17"]
[SourceVersion "1"]
[SourceVersionDate "2015.07.17"]
[SourceQuality "1"]

1. e4 e6 2. d4 d5 3. exd5 exd5 4. Nf3 Qe7+ 5. Be2 Be6 6. 0-0 Nc6 7. Bb5 Qd6 8. g3 Nge7 9. Bf4 Qb4 10. Nc3 Qxb2 11. Qd3 a6 12. Rab1 Qa3 13. Ba4 Bf5 14. Qd2 b5 15. Rb3 Qxb3 16. Bxb3 0-0-0 17. Qe2 h6 18. Rd1 g5 19. Be5 Rg8 20. a4 g4 21. Nh4 Nxe5 22. dxe5 c6 23. axb5 axb5 24. Nxb5 cxb5 25. Qxb5 Bd7 26. Qa6+ Kc7 27. Qa7+ Kc8 28. Ba4 Nf5 29. Rb1 Bb4 30. Rxb4 Bb5 31. Rxb5 1-0

[Event "Remote Random-160 email"]
[Site "Remote email"]
[Date "2013.05.29"]
[Round "?"]
[White "Berner, Ralph"]
[Black "Denzin, Michael"]
[Result "1/2-1/2"]
[WhiteElo "2293"]
[BlackElo "2273"]
[PlyCount "118"]
[EventDate "2013.??.??"]
[EventType "tourn (corr)"]
[EventRounds "6"]
[EventCountry "GER"]
[SourceTitle "Corr 2015"]
[Source "ChessBase"]
[SourceDate "2015.07.17"]
[SourceVersion "1"]
[SourceVersionDate "2015.07.17"]
[SourceQuality "1"]

1. e4 e5 2. d4 exd4 3. Qxd4 Nc6 4. Qe3 Bb4+ 5. c3 Be7 6. Nf3 Nf6 7. Nbd2 d5 8. Bb5 0-0 9. 0-0 Re8 10. Re1 a6 11. Bxc6 bxc6 12. e5 Ng4 13. Qd4 f6 14. exf6 Bxf6 15. Rxe8+ Qxe8 16. Qd3 Qf7 17. Nb3 Ne5 18. Nxe5 Bxe5 19. Be3 Bf5 20. Qe2 Qg6 21. Re1 h5 22. Bd4 Bd6 23. Nc5 h4 24. f3 h3 25. g3 a5 26. Qf2 a4 27. Qe2 Rf8 28. b4 axb3 29. axb3 Bc8 30. b4 Qh5 31. f4 Bg4 32. Qc2 Ra8 33. Qd2 Bxc5 34. Bxc5 Re8 35. Be3 Qg6 36. Qf2 Qd3 37. Qd2 Qa6 38. Qf2 Qc4 39. Bd2 Rxe1+ 40. Qxe1 Kf8 41. Qe3 Qb3 42. Kf2 Qc2 43. Kf1 Kf7 44. Kg1 Qb1+ 45. Qe1 Qa2 46. Qe3 d4 47. cxd4 Qd5 48. Qf2 Bf5 49. Be1 Qe4 50. Bd2 Bg4 51. Bc3 Be6 52. Bd2 Bd5 53. Kf1 Bc4+ 54. Kg1 g6 55. Be1 Bd5 56. Kf1 Qd3+ 57. Kg1 Qe4 58. Kf1 Qh1+ 59. Ke2 Be6 1/2-1/2

[Event "Remote Random-160 email"]
[Site "Remote email"]
[Date "2013.05.29"]
[Round "?"]
[White "Buchmann, Hans Peter"]
[Black "Denzin, Michael"]
[Result "0-1"]
[WhiteElo "2191"]
[BlackElo "2250"]
[PlyCount "70"]
[EventDate "2013.??.??"]
[EventType "tourn (corr)"]
[EventRounds "6"]
[EventCountry "GER"]
[SourceTitle "Corr 2015"]
[Source "ChessBase"]
[SourceDate "2015.07.17"]
[SourceVersion "1"]
[SourceVersionDate "2015.07.17"]
[SourceQuality "1"]

1. e4 e5 2. d4 exd4 3. Qxd4 Nc6 4. Qe3 Bb4+ 5. c3 Be7 6. Be2 d6 7. Nf3 Nf6 8. c4 0-0 9. Qd3 Nd7 10. Be3 Nc5 11. Bxc5 dxc5 12. Nc3 Qxd3 13. Bxd3 Nd4 14. Rd1 c6 15. Ne2 Nxf3+ 16. gxf3 Bh3 17. Nf4 Be6 18. Bf1 Bf6 19. Nxe6 fxe6 20. Ke2 Bd4 21. Rd3 Rad8 22. Bg2 Rf4 23. Rb3 b6 24. a4 Rb8 25. Bh3 Kf7 26. Bf1 Rh4 27. Bg2 Kf6 28. Kf1 g5 29. Ke2 h5 30. Bf1 Kg6 31. h3 Rf4 32. h4 g4 33. Bg2 Rbf8 34. a5 b5 35. Rc1 Rxe4+ 0-1

[Event "Remote Random-160 email"]
[Site "Remote email"]
[Date "2013.05.29"]
[Round "?"]
[White "Denzin, Michael"]
[Black "Berner, Ralph"]
[Result "0-1"]
[WhiteElo "2252"]
[BlackElo "2108"]
[PlyCount "56"]
[EventDate "2013.??.??"]
[EventType "tourn (corr)"]
[EventRounds "6"]
[EventCountry "GER"]
[SourceTitle "Corr 2015"]
[Source "ChessBase"]
[SourceDate "2015.07.17"]
[SourceVersion "1"]
[SourceVersionDate "2015.07.17"]
[SourceQuality "1"]

1. e4 e5 2. d4 exd4 3. Qxd4 Nc6 4. Qe3 Bb4+ 5. c3 Be7 6. Nf3 Nf6 7. c4 0-0 8. Nc3 Bb4 9. Bd3 d6 10. 0-0 Bg4 11. a3 Bc5 12. Qe2 Ne5 13. Qd1 Nxf3+ 14. gxf3 Bh3 15. Re1 Re8 16. Bf1 Bxf1 17. Rxf1 Nd7 18. Kh1 a5 19. Be3 c6 20. Rg1 Qf6 21. Rg3 g6 22. Na4 Bxe3 23. fxe3 h5 24. Qd4 Ne5 25. Kg2 Qe6 26. b3 h4 27. Rh3 g5 28. Rg1 Rad8 0-1

[Event "Remote-ch Class3 Gr.C email"]
[Site "Remote email"]
[Date "2013.04.01"]
[Round "?"]
[White "Berner, Ralph"]
[Black "Denzin, Michael"]
[Result "0-1"]
[WhiteElo "2090"]
[BlackElo "2250"]
[PlyCount "76"]
[EventDate "2013.??.??"]
[EventType "tourn (corr)"]
[EventRounds "6"]
[EventCountry "GER"]
[SourceTitle "Corr 2015"]
[Source "ChessBase"]
[SourceDate "2015.07.17"]
[SourceVersion "1"]
[SourceVersionDate "2015.07.17"]
[SourceQuality "1"]

1. c4 e5 2. Nc3 Nc6 3. g3 Nf6 4. Nf3 Bb4 5. Bg2 0-0 6. 0-0 d6 7. d3 h6 8. Bd2 a5 9. a3 Bc5 10. Na4 Re8 11. Nxc5 dxc5 12. Bc3 Nd4 13. e3 Nxf3+ 14. Qxf3 Qxd3 15. Rac1 Qg6 16. Rfe1 a4 17. h3 Nd7 18. Bf1 e4 19. Qf4 Qc6 20. Bg2 g5 21. Qg4 Qg6 22. Qe2 Nb6 23. Red1 Be6 24. Be1 f5 25. Bf1 Re7 26. Bg2 Bf7 27. Rc2 Qe6 28. Bf1 Kh7 29. Rcc1 f4 30. exf4 gxf4 31. g4 Rg8 32. Qd2 Rxg4+ 33. Kh2 Rg8 34. Qxf4 Bh5 35. Qh4 Bf3 36. Bc3 Nd7 37. Rd2 Ne5 38. Re1 Reg7 0-1

[Event "Remote Random-147 email"]
[Site "Remote email"]
[Date "2012.11.25"]
[Round "?"]
[White "Denzin, Michael"]
[Black "Heinrich, Olaf Wittmund"]
[Result "1/2-1/2"]
[WhiteElo "2139"]
[BlackElo "2442"]
[PlyCount "61"]
[EventDate "2012.??.??"]
[EventType "tourn (corr)"]
[EventRounds "6"]
[EventCountry "GER"]
[SourceTitle "Corr 2015"]
[Source "ChessBase"]
[SourceDate "2015.07.17"]
[SourceVersion "1"]
[SourceVersionDate "2015.07.17"]
[SourceQuality "1"]

1. d4 d5 2. c4 e6 3. Nc3 Nf6 4. Bg5 Be7 5. e3 0-0 6. Nf3 h6 7. Bh4 Ne4 8. Bxe7 Qxe7 9. cxd5 Nxc3 10. bxc3 exd5 11. Bd3 c5 12. 0-0 Nc6 13. Re1 Be6 14. e4 dxe4 15. Bxe4 cxd4 16. Bxc6 bxc6 17. Nxd4 Qf6 18. Nxe6 fxe6 19. Qe2 Rab8 20. Rac1 c5 21. g3 Rb6 22. Rc2 Rd8 23. Rd2 Rxd2 24. Qxd2 Qf3 25. a4 Rb3 26. c4 Rb4 27. Qd7 Kh7 28. Qxa7 Qc3 29. Rf1 Qxc4 30. a5 Qd5 31. a6 1/2-1/2

[Event "Remote Random-147 email"]
[Site "Remote email"]
[Date "2012.11.25"]
[Round "?"]
[White "Heinrich, Olaf Wittmund"]
[Black "Denzin, Michael"]
[Result "1-0"]
[WhiteElo "2442"]
[BlackElo "2139"]
[PlyCount "71"]
[EventDate "2012.??.??"]
[EventType "tourn (corr)"]
[EventRounds "6"]
[EventCountry "GER"]
[SourceTitle "Corr 2015"]
[Source "ChessBase"]
[SourceDate "2015.07.17"]
[SourceVersion "1"]
[SourceVersionDate "2015.07.17"]
[SourceQuality "1"]

1. d4 d5 2. c4 e6 3. Nc3 Nf6 4. Bg5 Be7 5. e3 0-0 6. Nf3 h6 7. Bh4 Ne4 8. Bxe7 Qxe7 9. cxd5 Nxc3 10. bxc3 exd5 11. Bd3 c5 12. 0-0 Nc6 13. Re1 c4 14. Bc2 f5 15. Ba4 Bd7 16. Bxc6 Bxc6 17. Ne5 Qa3 18. Qc1 Qxc1 19. Rexc1 Rae8 20. a4 Rf6 21. Rcb1 Re7 22. h3 g5 23. f4 Kg7 24. a5 Be8 25. Rf1 gxf4 26. exf4 Rfe6 27. g4 Kf6 28. Kg2 Ra6 29. Kg3 Bd7 30. Kh4 Rh7 31. Nxd7+ Rxd7 32. Rfe1 b6 33. axb6 Rxb6 34. Re5 fxg4 35. hxg4 Kg7 36. f5 1-0

[Event "Remote Random-147 email"]
[Site "Remote email"]
[Date "2012.11.25"]
[Round "?"]
[White "Pieleck, Rudolf"]
[Black "Denzin, Michael"]
[Result "0-1"]
[WhiteElo "1661"]
[BlackElo "2139"]
[PlyCount "58"]
[EventDate "2012.??.??"]
[EventType "tourn (corr)"]
[EventRounds "6"]
[EventCountry "GER"]
[SourceTitle "Corr 2015"]
[Source "ChessBase"]
[SourceDate "2015.07.17"]
[SourceVersion "1"]
[SourceVersionDate "2015.07.17"]
[SourceQuality "1"]

1. d4 d5 2. c4 e6 3. Nc3 Nf6 4. Bg5 Be7 5. e3 0-0 6. Nf3 h6 7. Bh4 Ne4 8. Bxe7 Qxe7 9. cxd5 Nxc3 10. bxc3 exd5 11. Be2 c5 12. 0-0 Nc6 13. Bb5 Bg4 14. h3 Bh5 15. Be2 Rfd8 16. Nh2 Bxe2 17. Qxe2 cxd4 18. cxd4 Nxd4 19. Qd3 Ne6 20. Nf3 Rac8 21. Ne5 d4 22. e4 Nf4 23. Qb5 Rc5 24. Qb4 Qxe5 25. Qxb7 Rc3 26. f3 Rc2 27. Qxa7 Rxg2+ 28. Kh1 Qe6 29. Qxf7+ Kxf7 0-1

[Event "Remote-ch 2012 email"]
[Site "Remote email"]
[Date "2012.11.01"]
[Round "1"]
[White "Denzin, Michael"]
[Black "Fleury, Flavio"]
[Result "1/2-1/2"]
[WhiteElo "2175"]
[BlackElo "2350"]
[PlyCount "61"]
[EventDate "2012.??.??"]
[EventType "tourn (corr)"]
[EventRounds "6"]
[EventCountry "GER"]
[SourceTitle "Corr 2015"]
[Source "ChessBase"]
[SourceDate "2015.07.17"]
[SourceVersion "1"]
[SourceVersionDate "2015.07.17"]
[SourceQuality "1"]

1. d4 Nf6 2. c4 e6 3. Nf3 d5 4. Nc3 Bb4 5. e3 c5 6. Bd3 0-0 7. 0-0 Nc6 8. a3 Bxc3 9. bxc3 Qc7 10. Bb2 dxc4 11. Bxc4 e5 12. h3 Bf5 13. Qe2 Rad8 14. a4 h6 15. Bb5 e4 16. Nd2 Na5 17. Nc4 Rc8 18. Nxa5 Qxa5 19. Rfc1 a6 20. Bc4 Rfe8 21. Bb3 cxd4 22. cxd4 Be6 23. Bxe6 Rxc1+ 24. Rxc1 Rxe6 25. Qd1 Qd8 26. Rc5 b6 27. Rc1 Nd5 28. Qe2 Nb4 29. Qc4 Nd3 30. Rc2 Rg6 31. d5 1/2-1/2